General Knowledge - Statistics

General Stats
  • This quiz has been taken 38 times
  • The average score is 2 of 6
Answer Stats
Hint Answer % Correct
How Many People Are In A Quartet? 4
100%
What Movie Describes 'Treasure Protectors' Who Steal The Declaration Of Independence Before A Rival Group Can On Their Way To Find The Knight's Templar's Treasure? National Treasure
23%
Who Said 'I Find Your Lack Of Faith Disturbing?' Darth Vader
20%
Fill In The Blank. Sunsets On ____ Are Blue. Mars
17%
What Movie Describes A Member Of The British Secret Service Who Has To Stop A French Man Before He Becomes The King Of England? Johnny English
11%
More Than 24 Million People Visit This Place In Washington D.C National Mall
6%
No matching quizzes found
Score Distribution
Percent of People with Each Score
Percentile by Number Answered
Your Score History
You have not taken this quiz